| 000 -LEADER |
| fixed length control field |
00424nam a22001457a 4500 |
| 003 - CONTROL NUMBER IDENTIFIER |
| control field |
OSt |
| 005 - DATE AND TIME OF LATEST TRANSACTION |
| control field |
20260126140109.0 |
| 008 - FIXED-LENGTH DATA ELEMENTS--GENERAL INFORMATION |
| fixed length control field |
260126t2016 xxua|||| |||| 00| 0 eng d |
| 040 ## - CATALOGING SOURCE |
| Transcribing agency |
CSU |
| 245 ## - TITLE STATEMENT |
| Title |
Miss daisy is still crazy! / |
| Statement of responsibility, etc |
pictures by Jim Paillot. |
| 260 ## - PUBLICATION, DISTRIBUTION, ETC. (IMPRINT) |
| Place of publication, distribution, etc |
Harper Collins Publisher : |
| Name of publisher, distributor, etc |
Dan Gutman, |
| Date of publication, distribution, etc |
c2016. |
| 300 ## - PHYSICAL DESCRIPTION |
| Extent |
106 pages : |
| Other physical details |
color illustrations. |
| 700 ## - ADDED ENTRY--PERSONAL NAME |
| Personal name |
Paillot, Jim. |
| Relator term |
pictures. |
| 942 ## - ADDED ENTRY ELEMENTS (KOHA) |
| Source of classification or shelving scheme |
|
| Koha item type |
Books |